Best NFL wr's 2023-2024 regular season - Statistics

General Stats
  • This quiz has been taken 587 times
    501 since last reset
  • The average score is 7 of 10
Answer Stats
# on list player % Correct
1 Tyreek Hill
95%
2 Justin Jefferson
94%
10 Amon-Ra St. brown
81%
5 Stefon Diggs
81%
4 CeeDee Lamb
78%
3 A.J. Brown
77%
6 Puka Nacua
58%
8 Amari Cooper
40%
7 Keenan Allen
38%
9 D.J. Moore
36%
No matching quizzes found
Score Distribution
Percent of People with Each Score
Percentile by Number Answered
Your Score History
You have not taken this quiz since the last reset